Are these countries in East Africa ? -Sudden Death - Statistics

General Stats
  • This quiz has been taken 37 times
  • The average score is 3 of 9
Answers on the Grid
Answers color-coded by a green-red scale on the quiz's grid according to % correct below.
Guinea
Eritrea
Rwanda
Burundi
South Africa
Egypt
Ethiopia
Djibouti
Ghana
Sudan
Libya
Sierra Leone
South Sudan
Gambia
Madagascar
Comoros
Mauritius
Central African Republic
Cameroon
DRC
Mozambique
Mali
Tunisia
Eswatini
 
Answer Stats
Answer % Correct
Eritrea
80%
Djibouti
60%
Ethiopia
60%
South Sudan
40%
Sudan
40%
Burundi
20%
Rwanda
20%
DRC
0%
Mozambique
0%
No matching quizzes found
Score Distribution
Percent of People with Each Score
Percentile by Number Answered
Your Score History
You have not taken this quiz